000 00557nam a2200145Ia 4500
008 090124s9999 xx 000 0 und d
082 _b22696
245 _a साप्ताहिक पाठ्यक्रम
250 _a2
260 _bप्रजापिता ब्रम्हकुमारी ईश्वरीय़ विश्वविदय़ाल
_c1974
300 _a232
630 _a साप्ताहिक पाठ्यक्रम
730 _a साप्ताहिक पाठ्यक्रम
942 _cBOOK
999 _c91933
_d91933